000 00375nam a22000977a 4500
082 _a355
245 _aम‍ध्‍यप्रदेश पुलिस आरक्षक भर्ती परीक्षा साल्‍वड पेपर्स
260 _aइन्‍दौर
_bपुणेकर पब्लि
650 _aपुलिस
_980965
942 _cHIN
999 _c64177
_d64177